书目信息 |
| 书名: | Teratologies | |
| 作者: | Jackie Stacey. | |
| 分册号: | ||
| 分册名: | 出版地: | London ; |
|
| 出版社: | Routledge | |
| 出版时间: | 1997. | |
| 页数: | xi, 290 p. : | |
| 开本: | 25 cm. | |
| 丛书名: | International library of sociology | |
| 中图分类号: | ||
| 科图分类号: | ||
| 其他分类号: | R73 | |
| 主题词: | ||
| 电子资源: | http://www.loc.gov/catdir/enhancements/fy0649/96037055-d.html | |
| 000 | 01175pam a2200313 a 450 | |
| 001 | E0752541953 | |
| 005 | 20070519143820.18 | |
| 008 | 961011s1997 enka b 001 0 eng | |
| 010 | @a96037055 | |
| 020 | @a0-415-14959-2. | |
| 020 | @a0-415-14960-6. | |
| 035 | @A(DLC) 96037055 | |
| 040 | @aDLC@cDLC@dDLC | |
| 050 | 00 | @aRC262@b.S79 1997 |
| 082 | 00 | @a362.1/96994@2 21 |
| 090 | @aR73 | |
| 099 | @dR73@ex77 | |
| 100 | 1 | @aStacey, Jackie. |
| 245 | 10 | @aTeratologies :@ba cultural study of cancer / @cJackie Stacey. |
| 260 | @aLondon ;@aNew York :@bRoutledge,@c1997. | |
| 300 | @axi, 290 p. :@bill. ;@c25 cm. | |
| 440 | 0 | @aInternational library of sociology |
| 504 | @aIncludes bibliographical references (p. 262-281) and index. | |
| 650 | 0 | @aCancer@xSocial aspects. |
| 650 | 0 | @aMedical literature. |
| 856 | 42 | @3 Publisher description@uhttp://www.loc.gov/catdir/enhancements/fy0649/96037055-d.html |
| 906 | @a7@bcbc@corignew@d1@eocip@f19@gy-gencatlg | |
| 955 | @apc05 to ja00 10-11-96; jc09 10-15-96; jc02 to technician 10-15-96; jc13 10-17-96; bk rec’d jb00 09-18-97; CIP ver. jb11 09-23-97 | |
| 991 | @bc-GenColl@hRC262@i.S79 1997@tCopy 1@wBOOKS | |
| Teratologies : : a cultural study of cancer / / Jackie Stacey.-London ; ; New York : : Routledge, , 1997. |
| xi, 290 p. : : ill. ; ; 25 cm.- (International library of sociology ) |
| Includes bibliographical references (p. 262-281) and index. |
| ISBN 0-415-14959-2. |
| ● |
| 相关链接 |
|
|
|
|
正题名:Teratologies
索取号:R73/x77
 
预约/预借
| 序号 | 登录号 | 条形码 | 馆藏地/架位号 | 状态 | 备注 |
| 1 | 10721 | 300107211 | 第二样本阅览室/ [索取号:R73/x77] | 在馆 |